Boletín de monumentos históricos 43 (Record no. 11044)

MARC details
000 -CABECERA
campo de control de longitud fija 01080nam a22002537a 4500
001 - NÚMERO DE CONTROL
campo de control BRCA_9422
003 - IDENTIFICADOR DEL NÚMERO DE CONTROL
campo de control FranzMayer
005 - FECHA Y HORA DE LA ÚLTIMA TRANSACCIÓN
campo de control 20230918130338.0
008 - DATOS DE LONGITUD FIJA--INFORMACIÓN GENERAL
campo de control de longitud fija 230906b |||||||| |||| 00| 0 eng d
020 ## - NÚMERO INTERNACIONAL ESTÁNDAR DEL LIBRO
Número Internacional Estándar del Libro 01884638
040 ## - FUENTE DE LA CATALOGACIÓN
Centro catalogador/agencia de origen MFM
Lengua de catalogación ESPAÑOL
Centro/agencia transcriptor MFM
050 #0 - SIGNATURA TOPOGRÁFICA DE LA BIBLIOTECA DEL CONGRESO
Número de clasificación F1209.5
Número de documento/Ítem C66 2018
110 1# - ENTRADA PRINCIPAL--NOMBRE DE ENTIDAD CORPORATIVA
Código de función/relación Responsable
Nombre de entidad corporativa o nombre de jurisdicción como elemento de entrada Secretaria de Cultura
Unidad subordinada Coordinación Nacional de Monumentos Históricos
9 (RLIN) 29646
240 ## - TÍTULO UNIFORME
Título uniforme Boletín de monumentos históricos 43
Medio Tercera época, Núm 43, mayo-agosto 2018
Lenguaje de la obra Español
245 0# - MENCIÓN DE TÍTULO
Título Boletín de monumentos históricos 43
Resto del título Tercera época, Núm 43, mayo-agosto 2018
260 ## - PUBLICACIÓN, DISTRIBUCIÓN, ETC.
Lugar de publicación, distribución, etc. México
Nombre del editor, distribuidor, etc. Secretaria de Cultura
Fecha de publicación, distribución, etc. 2018
300 ## - DESCRIPCIÓN FÍSICA
Extensión 196 p
Otras características físicas Ilustraciones
Dimensiones 28 cm
500 ## - NOTA GENERAL
Nota general Anexo 1
500 ## - NOTA GENERAL
Nota general Incluye un formato para suscripción al boletín
505 ## - NOTA DE CONTENIDO CON FORMATO
Nota de contenido con formato Texto en: españolIncluye índice temáticoDirigido a: arquitectos, historiadores o arqueólogos
650 1# - PUNTO DE ACCESO ADICIONAL DE MATERIA--TÉRMINO DE MATERIA
Fuente del encabezamiento o término America Latina
Término de materia o nombre geográfico como elemento de entrada México
Subdivisión de forma Monumentos históricos
9 (RLIN) 29647
651 2# - PUNTO DE ACCESO ADICIONAL DE MATERIA--NOMBRE GEOGRÁFICO
Fuente del encabezamiento o término Boletín
Nombre geográfico Boletines especiales
Subdivisión de forma Boletín de monumentos históricos
9 (RLIN) 29648
942 ## - ELEMENTOS DE PUNTO DE ACCESO ADICIONAL (KOHA)
Fuente del sistema de clasificación o colocación Library of Congress Classification
Tipo de ítem Koha Hemerográfico
Holdings
Estado de retiro Estado de pérdida Fuente del sistema de clasificación o colocación Estado dañado No para préstamo Código de colección Localización permanente Ubicación/localización actual Fecha de adquisición Total de préstamos Signatura topográfica completa Código de barras Fecha visto por última vez Precio válido a partir de Tipo de ítem Koha
El ejemplar forma parte de la colección y puede ser consultado según las políticas vigentes.   Library of Congress Classification     Fondo Contemporáneo Biblioteca del Museo Franz Mayer (Rogerio Casas-Alatriste) Biblioteca del Museo Franz Mayer (Rogerio Casas-Alatriste) 06/09/2023   F1209.5 C66 2018 CONT10195 06/09/2023 06/09/2023 Hemerográfico